LIBRARY & INFORMATION CENTRE, KCAET, TAVANUR

ONLINE PUBLIC ACCESS CATALOGUE (OPAC)

Botany for Degree Students (Record no. 19014)

MARC details
000 -LEADER
fixed length control field 00341nam a22001457a 4500
003 - CONTROL NUMBER IDENTIFIER
control field OSt
008 - FIXED-LENGTH DATA ELEMENTS--GENERAL INFORMATION
fixed length control field 250110b |||||||| |||| 00| 0 eng d
041 ## - LANGUAGE CODE
Language code of text/sound track or separate title eng
082 ## - DEWEY DECIMAL CLASSIFICATION NUMBER
Classification number 581
Item number DUT/BO
100 ## - MAIN ENTRY--AUTHOR NAME
Personal name Dutta,AC
245 ## - TITLE STATEMENT
Title Botany for Degree Students
250 ## - EDITION STATEMENT
Edition statement 5th
260 ## - PUBLICATION, DISTRIBUTION, ETC. (IMPRINT)
Place of publication Delhi;
Name of publisher Oxford University Press,
Year of publication 1985.
942 ## - ADDED ENTRY ELEMENTS (KOHA)
Koha item type Books
Holdings
Withdrawn status Lost status Damaged status Home library Current library Date acquired Source of acquisition Cost, normal purchase price Full call number Accession Number Koha item type
      KAUAET KAUAET 10/01/2025 M/S Minerva Book Stall, Thrissur 55.00 581 DUT/BO 14927 Books
      KAUAET KAUAET 10/01/2025 M/S Minerva Book Stall, Thrissur 55.00 581 DUT/BO 14928 Books
      KAUAET KAUAET 10/01/2025 M/S Minerva Book Stall, Thrissur 55.00 581 DUT/BO 14929 Books
free website counter